Business Management (Record no. 770)
[ view plain ]
| 000 -LEADER | |
|---|---|
| fixed length control field | 01571cam a22001934a 4500 |
| 005 - ΗΜΕΡΟΜΗΝΙΑ ΚΑΙ ΩΡΑ ΤΕΛΕΥΤΑΙΑΣ ΕΝΗΜΕΡΩΣΗΣ | |
| Πεδίο ελέγχου | 20250605163945.0 |
| 008 - FIXED-LENGTH DATA ELEMENTS--GENERAL INFORMATION | |
| Πεδίο ελέγχου σταθερού μήκους | 250528s ||||||||||||||||||||||||d |
| 035 ## - SYSTEM CONTROL NUMBER | |
| System control number | 15176 |
| 020 ## - ISBN | |
| ISBN | 135520274 |
| 040 ## - ΠΗΓΗ ΚΑΤΑΛΟΓΟΓΡΑΦΗΣΗΣ | |
| Φορέας πρωτότυπης καταλογογράφησης | MC Athens Campus Library |
| Γλώσσα καταλογογράφησης | Ελληνικά, Μοντέρνα (1453-) |
| Modifying agency | MC Athens Campus Library |
| Κανόνες περιγραφικής καταλογογράφησης | AACR2 |
| 245 1# - ΤΙΤΛΟΣ ΚΑΙ ΔΗΛΩΣΗ ΥΠΕΥΘΥΝΟΤΗΤΑΣ | |
| Τίτλος | Business Management |
| 260 ## - PUBLICATION, DISTRIBUTION, ETC. | |
| Name of publisher, distributor, etc. | Prentice Hall, |
| Date of publication, distribution, etc. | 1991 |
| 300 ## - PHYSICAL DESCRIPTION | |
| Extent | 568 |
| 520 ## - SUMMARY, ETC. | |
| Summary, etc. | A comprehensive management textbook developed around six core themes selected for their relevance in management education, and their influence on effective, practical management. Foreword, Preface, Acknowledgements, Studying Management, The Nature and Process of Management, Case Studies for Management, Policy-Making and Planning and Objective-Setting, The Corporate Planning Process, Financial Appraisal of the Corporation, Objective-Setting Approaches, The Appraisal Process, Skills and Functions of Management, Effective Delegation Practice, Decision-Making, Communication in Organizations, Planning Processes at the Operating Level, Control Models and Processes, The Information Society, The Developing Role of Microcomputers, Applications of Management Information Systems, Developments in Corporate Planning, Management and Organization and Change, Schools of Organization and Management, Making Decisions about Organizational Structures, Leadership, Managing Change, An Integrated View of Management Systems in a Reach for Excellence, Reaching Towards Excellence Through Integration of Management Systems, Appendices, Index. |
| 700 1# - ΠΡΟΣΘΕΤΗ ΑΝΑΓΡΑΦΗ--ΦΥΣΙΚΟ ΠΡΟΣΩΠΟ | |
| Personal name | Erskine Robert |
| 9 (RLIN) | 1039 |
| 942 ## - ADDED ENTRY ELEMENTS (KOHA) | |
| Koha item type | Books |
| Τύπος τεκμηρίου | Βιβλιοθήκη | Τρέχουσα τοποθεσία | Barcode | Αριθμός εισαγωγής | Ημερομηνία απόκτησης | Ταξιθετικό σύμβολο | Αριθμός αντιτύπου | Κατάσταση απόσυρσης | Κατάσταση χαμένου | Κατάσταση κατεστραμμένου | Μη δανεισμός | Σύνολο δανεισμών | Ημερομηνία τελευταίας εμφάνισης | Η τιμή ισχύει από |
|---|---|---|---|---|---|---|---|---|---|---|---|---|---|---|
| Books | MC Athens Campus Library | MC Athens Campus Library | 9780000007698 | 1409 | 05/06/2025 | 658 ERS | 1 | 05/06/2025 | 05/06/2025 |